000 00296nam a22001337a 4500
008 170620b xxu||||| |||| 00| 0 eng d
020 _a0138081131
041 _aeng
080 _a93
100 _a20
101 _aSHH
245 _aTHE SHAPING OF THE AMERICAN PAST
_cLLOYD, R
942 _2udc
_cBK
999 _c18305
_d18305